MESTSKÁ KNIŽNICA GIRALTOVCE  - online katalóg 

Normal view MARC view

Entry Personal Name

Number of records used in: 1

001 - CONTROL NUMBER

  • control field: 4347

003 - CONTROL NUMBER IDENTIFIER

  • control field: OSt

005 - DATE AND TIME OF LATEST TRANSACTION

  • control field: 20250212123007.0

008 - FIXED-LENGTH DATA ELEMENTS

  • fixed length control field: 250212|| aca||aabn | a|a d

040 ## - CATALOGING SOURCE

  • Original cataloging agency: OSt
  • Transcribing agency: OSt

100 ## - HEADING--PERSONAL NAME

  • Personal name: Rozsypalová-Vykoupilová, Jarka,
  • Dates associated with a name: 1975-

670 ## - SOURCE DATA FOUND

  • Source citation: Work cat.: (OSt)0: Rozsypalová-Vykoupilová, Jarka, 1975- aut, Babské rady /

Powered by Koha